Dictionary of bioinformatics
| Main Author: | |
|---|---|
| Format: | Book |
| Published: |
New Dehli :
Cyber Tech Pub. ,
2006
|
| Subjects: |
MARC
| LEADER | 00000cam a2200000 7i4500 | ||
|---|---|---|---|
| 001 | 0000018595 | ||
| 005 | 20080725.0 | ||
| 008 | 080609 | ||
| 020 | |a 8178841614 | ||
| 090 | 0 | 0 | |a 503 |b SIN |
| 100 | 0 | |a Singh, Gurvinder | |
| 245 | 1 | 0 | |a Dictionary of bioinformatics |c Gurvinder Singh |
| 260 | |a New Dehli : |b Cyber Tech Pub. , |c 2006 | ||
| 650 | 0 | |a Bioinformatics |x Dictionaries | |
| 999 | |a 0001020586 |b Book |c REFERENCE |e Perbadanan Perpustakaan Awam Johor | ||
| 999 | |a 0001024697 |b Book |c REFERENCE |e Perbadanan Perpustakaan Awam Johor | ||